000
00222 a2200097 4500
001
30108
100
_a
Moschytz
245
_a
Linear integrated networks fundamentals
260
_a
_b
Van Nostrand
_c
090
_c
20059
_d
20059
942
_a
NUST-CAE
_c
M
_c
11180
999
_c
265181
_d
265181